|
|
|
|
| LEADER |
01070nam a2200361 4500 |
| 001 |
DLU180184826 |
| 005 |
##20180510 |
| 020 |
# |
# |
|a 9786040038272
|
| 040 |
# |
# |
|a DLU
|b vie
|
| 041 |
# |
# |
|a vie
|
| 044 |
# |
# |
|a vn
|
| 082 |
# |
# |
|a 530
|b LU-B
|
| 100 |
# |
# |
|a Lương Duyên Bình,
|e chủ biên.
|
| 245 |
# |
# |
|a Vật lí đại cương.
|n t.I,
|p cơ nhiệt : Dùng cho các trường đại học khối kỹ thuật công nghiệp /
|c Lương Duyên Bình.
|
| 246 |
# |
# |
|a Vật lý đại cương
|
| 250 |
# |
# |
|a Tái bản lần thứ hai mươi hai.
|
| 260 |
# |
# |
|a H. :
|b Giáo dục Việt Nam,
|c 2015.
|
| 300 |
# |
# |
|a 267 tr. :
|b minh họa ;
|c 21 cm.
|
| 505 |
# |
# |
|a Phần thứ nhất. Cơ học -- Phần thứ hai. Nhiệt học.
|
| 650 |
# |
# |
|a Cơ học
|v Giáo trình.
|
| 650 |
# |
# |
|a Nhiệt học
|v Giáo trình.
|
| 923 |
# |
# |
|a 01/2018
|
| 990 |
# |
# |
|a t.I
|
| 991 |
# |
# |
|a GT
|
| 992 |
# |
# |
|a 25000
|
| 994 |
# |
# |
|a DLU
|
| 900 |
# |
# |
|a True
|
| 911 |
# |
# |
|a Nguyễn Thanh Hương
|
| 925 |
# |
# |
|a G
|
| 926 |
# |
# |
|a A
|
| 927 |
# |
# |
|a SH
|
| 980 |
# |
# |
|a Thư viện Trường Đại học Đà Lạt
|